000 00191nam a22000977a 4500
041 _aeng
080 _a80
100 _aKozyr-Kowalski, S.
245 _aMax Weber a Karol Marks.
999 _c280896
_d280896
942 _cBK